Sports Quiz

Random Sports or NBA Quiz

NBA Career Steals Leaders Quiz Stats

 Plays Quiz Updated Jul 25, 2019

Score 0/30 Timer 07:00
14 Plays Today
Rank Player % Correct
3Michael Jordan
86.9%
1John Stockton
86.3%
21Magic Johnson
78.2%
2Jason Kidd
68.7%
6Scottie Pippen
66.1%
15Kobe Bryant
63.9%
9*Chris Paul
62.9%
29Dwyane Wade
60.1%
4Gary Payton
57.3%
20Paul Pierce
57.1%
14Derek Harper
56.5%
16*LeBron James
55.3%
11Karl Malone
47.3%
17Isiah Thomas
47%
10Alvin Robertson
43.4%
Rank Player % Correct
8Hakeem Olajuwon
38.5%
7Clyde Drexler
37.2%
19Shawn Marion
37.2%
26Charles Barkley
33.6%
27Gus Williams
28.4%
29Eddie Jones
28.3%
18Kevin Garnett
25.1%
5Maurice Cheeks
23.7%
13Allen Iverson
21.7%
22Metta World Peace
20.5%
23Ron Harper
18.7%
12Mookie Blaylock
15.9%
25*Andre Iguodala
10.2%
24Fat Lever
8.9%
28Hersey Hawkins
6.4%

You're not logged in!

Compare scores with friends on all Sporcle quizzes.
OR
Log In

Sporcle TV

Today on Sporcle TV


Watch our educational content, quiz creation guides, and fun videos on Sporcle TV.

Show Comments

Extras

Top Quizzes Today


Score Distribution

Your Account Isn't Verified!

In order to create a playlist on Sporcle, you need to verify the email address you used during registration. Go to your Sporcle Settings to finish the process.

Report this User

Report this user for behavior that violates our Community Guidelines.

Details: